Rozvoj spolupráce Turecka s Čínou v rámci projektu novej hodvábnej cesty bakalárska práca

Gespeichert in:
Bibliographische Detailangaben
1. Verfasser: Onofrejová, Viktória
Körperschaft: Obchodná fakulta EU. Katedra medzinárodného obchodu
Weitere Verfasser: Zubaľová, Ľubica, 1969-
Format: Buch
Sprache:Slowakisch
Veröffentlicht: Bratislava 2018
Tags: Tag hinzufügen
Keine Tags, Fügen Sie das erste Tag hinzu!

MARC

LEADER 00000nbm a2200000 4500
001 0245110
005 20180926143902.6
041 0 |a slo 
044 |a SK 
245 1 0 |a Rozvoj spolupráce Turecka s Čínou v rámci projektu novej hodvábnej cesty  |b bakalárska práca  |c Viktória Onofrejová ; školiteľ: Ľubica Zubaľová 
264 1 |a Bratislava  |c 2018 
300 |a 59 s. 
100 1 |a Onofrejová, Viktória 
700 1 |a Zubaľová, Ľubica, 1969- 
710 2 |a Obchodná fakulta EU. Katedra medzinárodného obchodu